| 000 | 00000nam##2200000za#4500 |
| 001 | 9.606753 |
| 003 | CaOODSP |
| 005 | 20210624212803 |
| 007 | cr ||||||||||| |
| 008 | 150406|1998||||xxc|||||o f|0| 0 fre|d |
| 022 | |a1488-545X |
| 040 | |aCaOODSP|bfre |
| 043 | |an-cn--- |
| 086 | 1 |aFs97-6/2239F-PDF |
| 110 | 1 |aCanada. |bMinistère des pêches et des océans. |
| 245 | 10|aDescription d'une frayère de hareng (Clupea harengus L.) à l'Ile aux Lièvres, dans l'estuaire moyen du Saint-Laurent / |h[ressource électronique]|c[par] J. Munro, D. Gauthier et J. A. Gagné. |
| 260 | |aMont-Joli - Québec : |bPêches et Océans Canada |c1998. |
| 300 | |a42p.|bfigures, références, tableaux |
| 490 | 1 |aRapport technique canadien des sciences halieutiques et aquatiques|x1488-545X|vN° 2239 |
| 546 | |a(Abstract in English). |
| 590 | |a14-06-Supp|b2014-03-21 |
| 720 | 1 |aMunro, J. |
| 720 | 1 |aGauthier, D. |
| 720 | 1 |aGagné, J. A. |
| 830 | #0|aRapport technique canadien des sciences halieutiques et aquatiques,|x1488-545X|vN° 2239|w(CaOODSP)9.500867 |
| 856 | 40|ahttp://publications.gc.ca|qPDF|s2993 Ko|uhttps://publications.gc.ca/collections/collection_2014/mpo-dfo/Fs97-6-2239-fra.pdf|yN° 2239 |